La introducción de nuevos bienes, distribución del ingreso y crecimiento / (Registro nro. 8501)

Detalles MARC
000 -LEADER
fixed length control field 00803nam a2200229Ia 4500
003 - CONTROL NUMBER IDENTIFIER
control field OSt
005 - DATE AND TIME OF LATEST TRANSACTION
control field 20210906145416.0
008 - FIXED-LENGTH DATA ELEMENTS--GENERAL INFORMATION
fixed length control field 210310s1999 ck ad fr 000 0 spa d
040 ## - CATALOGING SOURCE
Original cataloging agency CO-JMCR
Transcribing agency CO-JMCR
041 0# - LANGUAGE CODE
Language code of text/sound track or separate title spa
082 04 - DEWEY DECIMAL CLASSIFICATION NUMBER
Classification number 339.2 /
Item number C257i
Edition number 23
100 1# - MAIN ENTRY--PERSONAL NAME
Personal name Jaramillo, Fernando,
9 (RLIN) 17455
Relator term autor
245 13 - TITLE STATEMENT
Title La introducción de nuevos bienes, distribución del ingreso y crecimiento /
Statement of responsibility, etc. Fernando Jaramillo
260 ## - PUBLICATION, DISTRIBUTION, ETC.
Place of publication, distribution, etc. Bogotá :
Name of publisher, distributor, etc. Universidad de los Andes,
Date of publication, distribution, etc. 1999
300 ## - PHYSICAL DESCRIPTION
Extent 26 páginas :
Other physical details ilustraciones y gráficas a blanco y negro ;
Dimensions 28 cm.
490 0# - SERIES STATEMENT
Series statement Documento CEDE ;
Volume/sequential designation 99-06
504 ## - BIBLIOGRAPHY, ETC. NOTE
Bibliography, etc. note Bibliografía: página 24-26
650 14 - SUBJECT ADDED ENTRY--TOPICAL TERM
Topical term or geographic name entry element Distribución del ingreso
9 (RLIN) 17457
650 24 - SUBJECT ADDED ENTRY--TOPICAL TERM
Topical term or geographic name entry element Desarrollo económico
9 (RLIN) 40031
650 24 - SUBJECT ADDED ENTRY--TOPICAL TERM
Topical term or geographic name entry element Convergencia (Economía)
9 (RLIN) 40032
942 ## - ADDED ENTRY ELEMENTS (KOHA)
Source of classification or shelving scheme Dewey Decimal Classification
Koha item type Books
Existencias
Withdrawn status Lost status Source of classification or shelving scheme Damaged status Not for loan Collection code Home library Current library Date acquired Source of acquisition Full call number Barcode Date last seen Copy number Koha item type
    Dewey Decimal Classification     Fiction Biblioteca Pública José María del Castillo y Rada Biblioteca Pública José María del Castillo y Rada 04/15/2018 Donación 339.2 / C257i 430006131 05/16/2024 Ej.1 Books